000 01257cam a22002533a 4500
001 15886
003 PGUSA
005 20140828083335.0
008 050523s2005||||xxu|||||s|||||000 1 eng d
040 _aPGUSA
_beng
042 _adc
050 4 _aPS
100 1 _aDunbar, Paul Laurence,
_d1872-1906
245 1 4 _aThe Strength of Gideon and other stories
_h[electronic resource] /
_cPaul Laurence Dunbar
260 _bProject Gutenberg,
_c2005
505 0 _aThe strength of Gideon -- Mammy Peggy's pride -- Viney's free papers -- The fruitful sleeping of the Rev. Elisha Edwards -- The ingrate -- The case of 'Ca'line -- The finish of Patsy Barners -- One man's fortunes -- Jim's probation -- Uncle Simon's Sundays out -- Mr. Cornelius Johnson, office-seeker -- An old-time Christmas -- A mess of pottage -- The trustfulness of Polly -- The tragedy at Three Forks -- The finding of Zach -- Johnsonham, junior -- The faith cure man -- A council of state -- Silas Jackson.
506 _aPublic domain in the USA.
516 _aElectronic text
653 _aAfrican Americans -- Fiction
700 1 _aKemble, E. W.
_q(Edward Windsor),
_d1861-1933
830 0 _aProject Gutenberg
_v15886
856 4 0 _uhttp://www.gutenberg.org/ebooks/15886
942 _cEB
999 _c245141
_d245141